دفاع السنة ورد شبه المستشرقين و الكتاب المعاصرين، (رقم التسجيلة. 20399)
[ عرض عادي ]
| 000 -الفاتح | |
|---|---|
| عناصر البيانات ثابتة الطول | 00923cam a2200205 i 4500 |
| 005 - تاريخ ووقت آخر معاملة | |
| حقل ضبط | 20251209104541.0 |
| 008 - عناصر البيانات ثابتة الطول | |
| عناصر البيانات ثابتة الطول | 250721r1989 ue gr 000 0 ara d |
| 082 14 - رقم تصنيف ديوي العشري | |
| رقم التصنيف | 216.1 |
| رقم المادة | ش ه ب |
| 100 1# - مدخل رئيسي – اسم شخصي | |
| الاسم الشخصي | أبو شهبه، محمد بن محمد |
| علاقة الشخص بالعمل/ دوره | مؤلف. |
| 245 10 - بيان العنوان | |
| العنوان | دفاع السنة ورد شبه المستشرقين و الكتاب المعاصرين، |
| بقية العنوان | ويليه ، الرد على من ينكر حجية السنة / |
| بيان المسؤولية | تاليف الدكتور محمد بن محمد ابو شهبة. |
| 246 10 - الأشكال المختلفة للعنوان | |
| العنوان الفعلي/العنوان المختصر | الرد على من ينكر حجتة السنه للدكتور الشيخ عبد الغني عبد الخالق. |
| 250 ## - بيان الطبعة | |
| بيان الطبعة | الطبعة الاولى. |
| 264 31 - بيانات النشر، التوزيع…إلخ | |
| مكان النشر، التوزيع...إلخ | القاهره : |
| اسم الناشر، الموزع...إلخ | مكتبة السنه، |
| تاريخ النشر، التوزيع...إلخ | 1989. |
| 300 ## - الوصف المادي | |
| عدد الوحدات المكونة للوعاء | 510صفحة. |
| 650 17 - مدخل إضافي بالموضوع - مصطلح موضوعي | |
| مصطلح موضوعي أو اسم جغرافي كعنصر مدخل | الإسلام. |
| 650 17 - مدخل إضافي بالموضوع - مصطلح موضوعي | |
| مصطلح موضوعي أو اسم جغرافي كعنصر مدخل | الفقه الإسلامي. |
| 650 17 - مدخل إضافي بالموضوع - مصطلح موضوعي | |
| مصطلح موضوعي أو اسم جغرافي كعنصر مدخل | أصول الفقه. |
| 942 ## - بيانات إضافية (كوها) | |
| نوع التنصيف | Dewey Decimal Classification |
| نوع المادة (كوها) | كتب |
| حالة السحب | حالة الفقدان | مصدر التصنيف | حالة التلف | غير قابل للإعارة | المكتبة الرئيسية | المكتبة الحالية | موقع الرف | تاريخ التزويد | الرقم المتسلسل | Total Checkouts | رقم الإستدعاء | الباركود | تاريخ آخر ظهور | تاريخ الفاتورة | نوع المادة (كوها) |
|---|---|---|---|---|---|---|---|---|---|---|---|---|---|---|---|
| Dewey Decimal Classification | المكتبة المركزية | المكتبة المركزية | الإعارة | 06/07/2004 | 142139 | 216.1 / ش ه ب | 142139 | 28/07/2025 | 06/07/2004 | كتب |